000 00693nam a2200253Ia 4500
003 OSt
005 20221007071607.0
006 a|||||r|||| 00| 0
007 ta
008 221006b |||||||| |||| 00| 0 eng d
020 _a9780826492661
024 _a45,504
037 _cTextual
040 _aFLL
_cFLL
_beng
041 _2eng
_aeng
082 _aWxK32, P7
100 _aKELLY Paul
_920497
245 0 _aLocke's Second treatise of government
_b A reader's guide
250 _a1st
260 _aLondon
_bContinuum International Publishing Group UK
_c2007
300 _avi,164p.
_ccm.
942 _hWxK32, P7
_cTEXL
_2CC
999 _c1143767
_d1143767